[Event "2015 Server Team Ch - Div 1, S51999"]
[Site "CCLA"]
[Date "2015.10.30"]
[Round "?"]
[White "Zaas, Donald"]
[Black "Wilkinson, James P."]
[Result "1/2-1/2"]
[WhiteElo "2262"]
[BlackElo "2210"]
[Board "2"]
[WhiteTeam "Paul Morphy's Hair"]
[BlackTeam "BCCA Kings"]

1. d4 d5 2. c4 e6 3. Nc3 Nf6 4. Bg5 Be7 5. e3 h6 6. Bh4 O-O 7. Rc1 b6 8. 
cxd5 Nxd5 9. Nxd5 exd5 10. Bxe7 Qxe7 11. Bd3 c5 12. dxc5 bxc5 13. Ne2 Nd7 
14. O-O Nf6 15. b3 Bb7 16. Ng3 g6 17. Qe2 h5 18. Rfd1 Rac8 19. h3 Rc7 20. 
Ba6 Rfc8 21. Bxb7 Rxb7 22. Qa6 Rbc7 23. Ne2 Qe6 24. Qd3 Qb6 25. Nc3 Rd7 
26. Na4 Qa5 27. Qc3 Qxc3 28. Nxc3 Kf8 29. Ne2 c4 30. f3 Rdc7 31. g4 cxb3 
32. Rxc7 Rxc7 33. axb3 Rc5 34. Kf2 a5 35. Nd4 hxg4 36. hxg4 Ne8 37. Ke2 
Nc7 38. Rh1 Kg7 39. Kd3 Ne6 40. f4 Nxd4 41. Kxd4 Rb5 42. Kc3 Rc5+ 43. Kd4 
Rb5 1/2-1/2

[Event "Winter Series, S50041"]
[Site "CCLA"]
[Date "2015.01.28"]
[Round "?"]
[White "Strelecky, Rich"]
[Black "Rasmussen, Bruce A."]
[Result "1-0"]
[WhiteElo "1667"]
[BlackElo "1373"]

1. d4 d5 2. c4 e6 3. Nc3 Nf6 4. Bg5 Be7 5. Nf3 O-O 6. e3 Nc6 7. Bd3 Nb4 8.
 Bxf6 Bxf6 9. O-O b6 10. Be2 Ba6 11. a3 Nc6 12. Qa4 Na5 13. b4 Bxc4 14. 
Bxc4 Nxc4 15. Rfe1 a6 16. Qc2 a5 17. b5 Qe7 18. Qc1 c5 19. bxc6 Qd6 20. e4
Qxc6 21. e5 Be7 22. Ne2 b5 23. Ra2 b4 24. axb4 Bxb4 25. Rd1 Qb5 26. Nc3 
Qc6 27. Rd3 Qa6 28. Qd1 Ba3 29. Na4 Rab8 30. Raxa3 Nxa3 31. Rxa3 Rfc8 32. 
Nc5 Qb5 33. Rc3 Qe2 34. Qxe2 Rb1+ 35. Ne1 h6 36. Qd2 Ra8 37. Ra3 Rab8 38. 
Nd3 a4 39. Rxa4 R8b3 40. Ra8+ Kh7 41. Qc2 f6 42. Nb2+ 1-0

[Event "2015 REGULAR QUAD, S50129"]
[Site "CCLA"]
[Date "2015.03.27"]
[Round "?"]
[White "Jarmuz, Frederick"]
[Black "Lines, Daniel"]
[Result "1-0"]
[WhiteElo "1945"]
[BlackElo "1415"]

1. d4 d5 2. c4 e6 3. Nc3 Nf6 4. Bg5 Be7 5. e3 O-O 6. Nf3 h6 7. Bh4 Nc6 8. 
Bd3 dxc4 9. Bxc4 a6 10. O-O b5 11. Bd3 Nb4 12. Bxf6 Bxf6 13. Be4 c6 14. 
Qb3 Nd5 15. Ne5 Nxc3 16. bxc3 Bxe5 17. dxe5 Bd7 18. Rad1 Qc7 19. Rd6 Rfd8 
20. Rfd1 Be8 21. Qc2 Kf8 22. Qd2 Ke7 23. Rxd8 Qxd8 24. Qxd8+ Rxd8 25. Rxd8
Kxd8 26. Kf1 Kc7 27. Ke2 Kb6 28. Kd3 Kc5 29. g4 a5 30. a3 b4 31. cxb4+ 
axb4 32. axb4+ Kxb4 33. h4 c5 34. Kc2 Ba4+ 35. Kb2 c4 36. Kc1 c3 37. h5 
Bb5 38. Bh7 Be8 39. f3 g6 40. g5 gxh5 41. gxh6 f5 42. Bxf5 exf5 43. h7 Bc6
44. h8=Q Bxf3 45. e6 Kb3 46. e7 Bc6 47. e8=Q 1-0

[Event "2015 NA Class A Ch Finals, S50179"]
[Site "CCLA"]
[Date "2015.04.27"]
[Round "?"]
[White "Kleine, Larry"]
[Black "Stroup, Jim"]
[Result "0-1"]
[WhiteElo "1767"]
[BlackElo "2058"]

1. d4 d5 2. c4 e6 3. Nf3 Nf6 4. Bg5 Be7 5. Nc3 h6 6. Bh4 O-O 7. e3 b6 8. 
Rc1 Bb7 9. Bxf6 Bxf6 10. cxd5 exd5 11. Bd3 c5 12. O-O Nd7 13. Bf5 g6 14. 
Bxd7 cxd4 15. Bc6 Bxc6 16. Nxd4 Bb7 17. Qa4 Qe7 18. Rfd1 Rfc8 19. Qb3 Rc5 
20. Nde2 Rd8 21. Nf4 d4 22. exd4 Rxd4 23. Nxg6 Qd6 24. Rxd4 Bxd4 25. Nh4 
Bxf2+ 26. Kxf2 Qd4+ 27. Kf1 Ba6+ 0-1

[Event "Winter Series, S50071"]
[Site "CCLA"]
[Date "2015.01.28"]
[Round "?"]
[White "Wasser, Jared"]
[Black "Stewart, Scott A."]
[Result "0-1"]
[WhiteElo "1192"]
[BlackElo "1343"]

1. d4 Nf6 2. c4 g6 3. Nf3 d5 4. Nbd2 Bg7 5. e3 O-O 6. Bd3 Nc6 7. a3 dxc4 
8. Nxc4 Qd5 9. O-O Bf5 10. e4 Bxe4 11. Ng5 Bxd3 12. Qxd3 b5 13. Ne3 Qxg5 
14. d5 Rad8 15. Qxb5 Nd4 16. Re1 Nxb5 17. Nc4 Qh4 18. h3 Qxc4 19. Bg5 Nxd5
20. Rac1 Qa2 21. Rc5 Qxb2 22. a4 Bd4 23. Rxb5 Qxf2+ 0-1

[Event "Winter Series, S50071"]
[Site "CCLA"]
[Date "2015.01.28"]
[Round "?"]
[White "Lyons, Brenda M."]
[Black "Stewart, Scott A."]
[Result "0-1"]
[WhiteElo "1221"]
[BlackElo "1343"]

1. d4 Nf6 2. Nf3 g6 3. c4 d5 4. Bf4 Bg7 5. e3 O-O 6. Bd3 Nc6 7. c5 Nb4 8. 
Be5 Nxd3+ 9. Qxd3 c6 10. Nc3 Re8 11. O-O Bf5 12. Bxf6 Bxd3 13. Rfd1 Bxf6 
14. Rxd3 e5 15. Rdd1 exd4 16. Ne2 dxe3 17. fxe3 Qe7 18. Kh1 Qxc5 19. Rab1 
Rxe3 20. Neg1 Qc4 21. b3 Qc2 0-1

[Event "Summer Series, S50301"]
[Site "CCLA"]
[Date "2015.07.25"]
[Round "?"]
[White "Shannon, Paul D."]
[Black "Stevens, Daniel L."]
[Result "1/2-1/2"]
[WhiteElo "1865"]
[BlackElo "1779"]

1. Nf3 Nf6 2. c4 g6 3. g3 Bg7 4. Bg2 O-O 5. d4 d5 6. cxd5 Nxd5 7. O-O Nb6 
8. Nc3 c6 9. Bf4 Na6 10. e4 Bg4 11. Ne2 Qc8 12. Re1 Rd8 13. Ne5 Bxe5 14. 
Bxe5 Nc4 15. Qc2 Nxe5 16. dxe5 Nb4 17. Qc3 Nd3 18. Red1 Bxe2 19. Rd2 Nxf2 
20. Rxe2 Nh3+ 21. Kh1 Ng5 22. Rf1 Qc7 23. Ref2 Rf8 24. b4 Rad8 25. h4 Ne6 
26. Bh3 Nd4 27. e6 Nxe6 28. Bxe6 fxe6 29. Rxf8+ Rxf8 30. Rxf8+ Kxf8 31. 
Qh8+ Kf7 32. Qxh7+ Kf6 33. Qh8+ Kf7 34. Qh7+ Kf6 35. Qh8+ Kf7 36. Qh7+ 
1/2-1/2

[Event "2015 Server Team Ch - Div 1, S51999"]
[Site "CCLA"]
[Date "2015.10.30"]
[Round "?"]
[White "Vivante-Sowter, John"]
[Black "Gleyzer, Leonid"]
[Result "1/2-1/2"]
[WhiteElo "2301"]
[BlackElo "2322"]
[Board "1"]
[WhiteTeam "SchemingMind A"]
[BlackTeam "Paul Morphy's Hair"]

1. d4 Nf6 2. c4 g6 3. g3 Bg7 4. Bg2 d5 5. cxd5 Nxd5 6. Nf3 Nb6 7. Nc3 Nc6 
8. e3 O-O 9. O-O Re8 10. h3 e5 11. dxe5 Nxe5 12. Nxe5 Bxe5 13. Qc2 c6 14. 
e4 Be6 15. b3 Qd4 16. Bb2 Qc5 17. Kh2 Bg7 18. f4 Rad8 19. Rad1 f5 20. Qc1 
fxe4 21. Rxd8 1/2-1/2

[Event "2015 NA Class C-Rd1 Sect 1, S50091"]
[Site "CCLA"]
[Date "2015.04.27"]
[Round "?"]
[White "Taylor, Bobby C."]
[Black "McLaughlin, Ed"]
[Result "1/2-1/2"]
[WhiteElo "1575"]
[BlackElo "1493"]

1. d4 Nf6 2. c4 g6 3. Nc3 d5 4. cxd5 Nxd5 5. e4 Nxc3 6. bxc3 Bg7 7. Bg5 c5
8. Rc1 Qa5 9. Qd2 cxd4 10. cxd4 Qxd2+ 11. Kxd2 O-O 12. Nf3 Bg4 13. Rc7 
Bxf3 14. gxf3 Bxd4 15. Bxe7 Re8 16. Bb5 Nc6 17. Bxc6 bxc6 18. Rc1 Be5 19. 
R1xc6 Bxc7 20. Rxc7 a6 21. Ke2 Rab8 22. Kf1 Rb1+ 23. Kg2 Rb2 24. a3 Rxe7 
25. Rxe7 Ra2 26. Ra7 Rxa3 27. f4 1/2-1/2

[Event "2015 NA Server Ch (CCLA Rules), S50169"]
[Site "CCLA"]
[Date "2015.04.27"]
[Round "?"]
[White "Shnaiderman, Lazar"]
[Black "Edwards, K. E. D. G."]
[Result "1/2-1/2"]
[WhiteElo "2043"]
[BlackElo "2273"]

1. d4 Nf6 2. c4 g6 3. Nc3 d5 4. cxd5 Nxd5 5. e4 Nxc3 6. bxc3 Bg7 7. Be3 c5
8. Qd2 cxd4 9. cxd4 Nc6 10. Rd1 O-O 11. Nf3 Bg4 12. Be2 Qa5 13. O-O Rac8 
14. Qxa5 Nxa5 15. Rc1 Bxf3 16. Bxf3 b5 17. Bg4 Rxc1 18. Rxc1 Nc4 19. Be2 
Rb8 20. Kf1 Nxe3+ 21. fxe3 e5 22. d5 Bh6 23. Kf2 Rb7 24. Rc6 Bf8 25. h4 h5
26. g4 hxg4 27. Bxg4 Rb6 28. Rxb6 axb6 1/2-1/2

[Event "2015 NA Server Ch (CCLA Rules), S50169"]
[Site "CCLA"]
[Date "2015.04.27"]
[Round "?"]
[White "Shnaiderman, Lazar"]
[Black "Quirk, Michael"]
[Result "0-1"]
[WhiteElo "2043"]
[BlackElo "2130"]

1. d4 Nf6 2. c4 g6 3. Nc3 d5 4. cxd5 Nxd5 5. e4 Nxc3 6. bxc3 Bg7 7. Be3 c5
8. Qd2 cxd4 9. cxd4 Nc6 10. Rd1 O-O 11. Nf3 Bg4 12. Be2 Qa5 13. O-O Rac8 
14. Qxa5 Nxa5 15. Rc1 Bxf3 16. Bxf3 Nc4 17. e5 b5 18. Bb7 Rb8 19. Bf3 Nxe3
20. fxe3 Bh6 21. Kf2 Rfc8 22. Bd5 e6 23. Bb3 a5 24. a4 bxa4 25. Rxc8+ Rxc8
26. Bxa4 Rc3 27. Ra1 Bxe3+ 0-1

[Event "2015  Server Team - Div 3, S53999"]
[Site "CCLA"]
[Date "2015.10.30"]
[Round "?"]
[White "Blankenship, Jerry T."]
[Black "Zaas, Joel"]
[Result "0-1"]
[WhiteElo "1527"]
[BlackElo "1914"]
[Board "3"]
[WhiteTeam "Knights of the Square Table"]
[BlackTeam "Canadian Snowbirds"]

1. d4 Nf6 2. c4 g6 3. Nc3 d5 4. cxd5 Nxd5 5. e4 Nxc3 6. bxc3 Bg7 7. Nf3 c5
8. Bb5+ Nc6 9. O-O cxd4 10. cxd4 O-O 11. Bxc6 bxc6 12. Ba3 Bg4 13. h3 Bxf3
14. Qxf3 Qxd4 15. Rac1 Qd7 16. Rfd1 Qe6 17. Qe2 Rfd8 18. Bc5 a5 19. f4 
Rab8 20. Qc2 h5 21. Rxd8+ Rxd8 22. Kh1 Rb8 23. e5 Rd8 24. a4 g5 25. fxg5 
Rd5 26. Bf2 Bxe5 27. Qe2 Qg6 28. Qc4 Qxg5 29. Qxc6 Qf4 30. Bg1 Rd3 31. Re1
Bd6 32. Qc2 Qd2 33. Qxd2 Rxd2 34. Ra1 Rb2 35. Bd4 Rb3 36. Kg1 f6 37. Kf2 
Kf7 38. Be3 f5 39. Ra2 e5 40. Rc2 Rb4 41. Ra2 Ke6 42. Bd2 Bc5+ 43. Ke2 
Re4+ 44. Kf3 Bb4 45. Be3 Rc4 46. Ke2 f4 47. Bf2 e4 0-1

[Event "2015  Server Team - Div 3, S53999"]
[Site "CCLA"]
[Date "2015.10.30"]
[Round "?"]
[White "Zaas, Joel"]
[Black "Tibbert, Peter H."]
[Result "1-0"]
[WhiteElo "1914"]
[BlackElo "1789"]
[Board "3"]
[WhiteTeam "Canadian Snowbirds"]
[BlackTeam "BCCA Bishops"]

1. d4 Nf6 2. c4 g6 3. Nc3 d5 4. cxd5 Nxd5 5. e4 Nxc3 6. bxc3 Bg7 7. Nf3 c5
8. Rb1 O-O 9. Be2 cxd4 10. cxd4 Qa5+ 11. Bd2 Qxa2 12. O-O Bg4 13. Bg5 h6 
14. Be3 b6 15. Ra1 Qe6 16. h3 Bxf3 17. Bxf3 a5 18. e5 Ra7 19. Qb1 Rc7 20. 
Qb5 Rfc8 21. Bg4 f5 22. exf6 Qxf6 23. Bxc8 Rxc8 24. Rfc1 Rd8 25. Rc7 Qd6 
26. Rac1 Bxd4 27. Bxd4 Qxd4 28. Rxe7 Rf8 29. Qe2 Qf4 30. Qa2+ Kh8 31. Qb2+
1-0

[Event "2015 REGULAR QUAD, S50359"]
[Site "CCLA"]
[Date "2015.08.08"]
[Round "?"]
[White "Benson, Katie J."]
[Black "Shaffer, Aaron"]
[Result "1-0"]
[WhiteElo "1199"]
[BlackElo "1151"]

1. d4 Nf6 2. c4 g6 3. Nc3 d5 4. cxd5 Nxd5 5. e4 Nxc3 6. bxc3 Bg7 7. Bc4 c5
8. Nf3 Nc6 9. Be3 O-O 10. dxc5 Qxd1+ 11. Rxd1 Bxc3+ 12. Bd2 Bxd2+ 13. Rxd2
Bg4 14. Be2 Rad8 15. Rxd8 Rxd8 16. O-O Ne5 17. h3 Nxf3+ 18. Bxf3 Bxf3 19. 
gxf3 Rd2 20. Rb1 b6 21. cxb6 axb6 22. Rxb6 Rxa2 23. Rb8+ Kg7 24. Rb3 Ra5 
25. Kg2 Rg5+ 26. Kh2 f5 27. e5 h5 28. h4 Rg4 29. fxg4 hxg4 30. f3 gxf3 31.
 Kg3 Kf7 32. Rb6 f2 33. Kxf2 Kg7 34. Kf3 Kf7 35. Kf4 Kg7 36. Kg5 Kf7 37. 
Rxg6 f4 38. Ra6 f3 39. Ra1 1-0

[Event "2015 REGULAR QUAD, S50359"]
[Site "CCLA"]
[Date "2015.08.08"]
[Round "?"]
[White "Shaffer, Aaron"]
[Black "Benson, Katie J."]
[Result "1/2-1/2"]
[WhiteElo "1151"]
[BlackElo "1199"]

1. d4 Nf6 2. c4 g6 3. Nc3 d5 4. cxd5 Nxd5 5. e4 Nxc3 6. bxc3 Bg7 7. Bc4 c5
8. Ne2 Nc6 9. Be3 O-O 10. O-O Bg4 11. dxc5 Qxd1 12. Rfxd1 Rad8 13. Rxd8 
Rxd8 14. h3 Bxe2 15. Bxe2 Bxc3 16. Rd1 Rxd1+ 17. Bxd1 Nb4 18. Bb3 Kg7 19. 
f3 Nc6 20. g4 Bd4 21. Bxd4+ Nxd4 22. Bd1 b6 23. cxb6 axb6 1/2-1/2

[Event "Winter Series, S50041"]
[Site "CCLA"]
[Date "2015.01.28"]
[Round "?"]
[White "Strelecky, Rich"]
[Black "McLaughlin, Ed"]
[Result "1-0"]
[WhiteElo "1667"]
[BlackElo "1493"]

1. d4 Nf6 2. c4 g6 3. Nc3 d5 4. cxd5 Nxd5 5. e4 Nxc3 6. bxc3 Bg7 7. Bc4 c5
8. Ne2 O-O 9. O-O Nc6 10. Be3 cxd4 11. cxd4 Bg4 12. e5 Qc7 13. Qc2 Na5 14.
 Bxf7+ 1-0

[Event "2015 Server Team Ch - Div 1, S51999"]
[Site "CCLA"]
[Date "2015.10.30"]
[Round "?"]
[White "Glanville, Colin M."]
[Black "Cross, Gregory W."]
[Result "1/2-1/2"]
[WhiteElo "2051"]
[BlackElo "1973"]
[Board "4"]
[WhiteTeam "BCCA Rooks"]
[BlackTeam "Pennsylvania Keystones"]

1. d4 Nf6 2. c4 g6 3. Nc3 d5 4. cxd5 Nxd5 5. e4 Nxc3 6. bxc3 Bg7 7. Bc4 c5
8. Ne2 Nc6 9. Be3 O-O 10. O-O cxd4 11. cxd4 Bg4 12. f3 Na5 13. Bxf7+ Rxf7 
14. fxg4 Rxf1+ 15. Kxf1 Qd6 16. Kg1 Qe6 17. Qd3 Qxg4 18. Rc1 Rc8 19. d5 
Rxc1+ 20. Bxc1 Qd7 21. Qc2 b5 22. Nf4 Nc4 23. Ne6 Qd6 24. Bg5 a5 25. Nxg7 
Qb4 26. Qc1 Kxg7 1/2-1/2

[Event "2015 NA Class A Ch Finals, S50179"]
[Site "CCLA"]
[Date "2015.04.27"]
[Round "?"]
[White "Cacas, Alexander"]
[Black "Kleine, Larry"]
[Result "1-0"]
[WhiteElo "1891"]
[BlackElo "1767"]

1. d4 Nf6 2. c4 g6 3. Nc3 d5 4. cxd5 Nxd5 5. e4 Nxc3 6. bxc3 Bg7 7. Bc4 c5
8. Ne2 O-O 9. O-O Nc6 10. Be3 Bg4 11. f3 Na5 12. Bd3 cxd4 13. cxd4 Be6 14.
 d5 Bxa1 15. Qxa1 f6 16. Rb1 Bd7 17. Bh6 Rf7 18. e5 fxe5 19. Qxe5 Rc8 20. 
Bd2 Bf5 21. Bxf5 Rxf5 22. Qe6+ 1-0

[Event "2015 NA Class C-Rd1 Sect 1, S50091"]
[Site "CCLA"]
[Date "2015.04.27"]
[Round "?"]
[White "Sanchez, David A."]
[Black "Taylor, Bobby C."]
[Result "1/2-1/2"]
[WhiteElo "1449"]
[BlackElo "1575"]

1. d4 Nf6 2. c4 g6 3. Nc3 d5 4. Nf3 Bg7 5. Bg5 dxc4 6. e4 Bg4 7. d5 e5 8. 
Bxc4 O-O 9. h3 Bxf3 10. Qxf3 Qe7 11. O-O c6 12. Rfd1 Rd8 13. Rd2 h6 14. 
Be3 cxd5 15. Nxd5 Nxd5 16. Bxd5 Nc6 17. Rc1 Nd4 18. Bxd4 exd4 19. Rc4 Rac8
20. Qg4 Rxc4 21. Bxc4 Qg5 22. Qxg5 hxg5 23. Rd3 Be5 1/2-1/2

[Event "2015 NA Class B Ch Finals, S50189"]
[Site "CCLA"]
[Date "2015.04.27"]
[Round "?"]
[White "Avery, Bryce"]
[Black "Catania, Duane"]
[Result "1/2-1/2"]
[WhiteElo "1668"]
[BlackElo "1684"]

1. Nf3 d5 2. d4 Nf6 3. e3 g6 4. c4 Bg7 5. Nc3 O-O 6. Qb3 dxc4 7. Qxc4 Nc6 
8. Bd3 Nd7 9. O-O Nb6 10. Qb3 Bg4 11. Nd2 e5 12. d5 Ne7 13. f3 Bc8 14. e4 
Kh8 15. Nc4 f5 16. Bg5 h6 17. Be3 Nxc4 18. Qxc4 a6 19. Rac1 c6 20. dxc6 
Nxc6 21. Nd5 Be6 22. Rfd1 Rc8 23. Qb3 b5 24. Qa3 Bxd5 25. exd5 Nb8 26. Bc5
Re8 27. d6 Nd7 28. Qxa6 Rxc5 29. Bxb5 Rxc1 30. Rxc1 Qg5 31. Rc8 Qe3+ 32. 
Kf1 Rxc8 33. Qxc8+ Kh7 34. Qxd7 Qc1+ 35. Kf2 Qd2+ 36. Be2 e4 37. fxe4 Qf4+
1/2-1/2

[Event "Summer Series, S50311"]
[Site "CCLA"]
[Date "2015.07.25"]
[Round "?"]
[White "Disque, Philip"]
[Black "Catania, Duane"]
[Result "0-1"]
[WhiteElo "1614"]
[BlackElo "1642"]

1. Nf3 d5 2. d4 Nf6 3. c4 g6 4. Nc3 Bg7 5. Qb3 dxc4 6. Qxc4 O-O 7. e4 Na6 
8. Qb3 c5 9. d5 e6 10. Bxa6 bxa6 11. O-O exd5 12. exd5 Qd6 13. Qc4 Bd7 14.
 Bf4 Qb6 15. Rfd1 Bb5 16. Qb3 Nh5 17. Be5 f6 18. d6+ c4 19. Bd4 cxb3 20. 
Bxb6 axb6 21. axb3 Bd7 22. Nd5 Rfb8 23. Nc7 Ra7 24. Rxa6 Rxa6 25. Nxa6 Rc8
26. Nb4 Bf8 27. g3 Ng7 28. Nd5 Kf7 29. Nd4 Rd8 30. Kg2 Bxd6 31. Nxb6 Bc5 
32. Nc6 Bxc6+ 0-1

[Event "2015 Server Team Ch - Div 1, S51999"]
[Site "CCLA"]
[Date "2015.10.30"]
[Round "?"]
[White "Edwards, K. E. D. G."]
[Black "Cross, Gregory W."]
[Result "1-0"]
[WhiteElo "2207"]
[BlackElo "1973"]
[Board "4"]
[WhiteTeam "Gustafson Winners"]
[BlackTeam "Pennsylvania Keystones"]

1. d4 Nf6 2. c4 g6 3. Nc3 d5 4. Nf3 Bg7 5. Qb3 dxc4 6. Qxc4 O-O 7. e4 Na6 
8. Be2 c5 9. d5 e6 10. O-O exd5 11. exd5 Re8 12. Rd1 Bf5 13. d6 h6 14. Bf4
Nd7 15. Rd2 Nb4 16. Qb3 Nb6 17. h3 g5 18. Bg3 Be6 19. Qd1 a6 20. h4 f5 21.
 hxg5 hxg5 22. d7 Nxd7 23. Rd6 Kh8 24. Qd2 f4 25. Ne4 fxg3 26. Nfxg5 gxf2+
27. Kxf2 Kg8 28. Rh1 Bxa2 29. Rxd7 Bd4+ 30. Kg3 Qxd7 31. Nf6+ Bxf6 32. 
Qxd7 Re3+ 33. Kf2 Re7 34. Qg4 Bd4+ 35. Kg3 Be5+ 36. Kh3 Nd5 37. Nf3+ Bg7 
38. Bc4 Bxc4 39. Qxc4 Rd8 40. Rd1 Red7 41. Ng5 Bd4 42. b4 b6 43. bxc5 bxc5
44. Re1 Rd6 45. g3 R8d7 46. Qb3 Kg7 47. Ne6+ Kf7 48. Qd3 Nf6 49. Nf4 Kg8 
50. Qb3+ Kh7 51. Ne6 Kg6 52. g4 Rxe6 53. Rxe6 a5 54. Qb1+ Kf7 55. Ra6 1-0

[Event "2015 Server Team Ch - Div 1, S51999"]
[Site "CCLA"]
[Date "2015.10.30"]
[Round "?"]
[White "Duchardt, Alexandre"]
[Black "Weiss, Lester P."]
[Result "1-0"]
[WhiteElo "2290"]
[BlackElo "2123"]
[Board "5"]
[WhiteTeam "SchemingMind A"]
[BlackTeam "Pennsylvania Keystones"]

1. d4 Nf6 2. c4 g6 3. Nc3 d5 4. Nf3 Bg7 5. Qb3 dxc4 6. Qxc4 O-O 7. e4 Nc6 
8. Be2 Bg4 9. d5 Na5 10. Qb4 Bxf3 11. Bxf3 c6 12. O-O Qb6 13. Qa4 Nd7 14. 
Rd1 Rfd8 15. g3 Nc5 16. Qc2 Nc4 17. Rb1 Qb4 18. Bg5 Re8 19. Kg2 h6 20. Bc1
Red8 21. h4 e6 22. b3 Ne5 23. a3 Qb6 24. Be2 cxd5 25. Be3 Rac8 26. b4 d4 
27. Rxd4 Nxe4 28. Rxe4 Qc6 29. Rc1 1-0

[Event "2015 Server Team Ch - Div 1, S51999"]
[Site "CCLA"]
[Date "2015.10.30"]
[Round "?"]
[White "Richardt, Mike"]
[Black "Edwards, K. E. D. G."]
[Result "1/2-1/2"]
[WhiteElo "2216"]
[BlackElo "2207"]
[Board "4"]
[WhiteTeam "BCCA Kings"]
[BlackTeam "Gustafson Winners"]

1. d4 Nf6 2. c4 g6 3. Nc3 d5 4. Nf3 Bg7 5. Qb3 dxc4 6. Qxc4 O-O 7. e4 Nc6 
8. Be2 Bg4 9. d5 Na5 10. Qb4 Bxf3 11. Bxf3 c6 12. O-O cxd5 13. Nxd5 Re8 
14. Rd1 Nxd5 15. Rxd5 Nc6 16. Qxb7 Qb6 17. Qxb6 axb6 18. a3 Red8 19. Rxd8+
Rxd8 20. Rb1 Nd4 21. Be3 Nxf3+ 22. gxf3 b5 23. b3 1/2-1/2

[Event "Winter Series, S50031"]
[Site "CCLA"]
[Date "2015.01.28"]
[Round "?"]
[White "Richardson, Ryan M."]
[Black "Greco, Tom"]
[Result "1-0"]
[WhiteElo "1795"]
[BlackElo "1641"]

1. d4 Nf6 2. c4 e6 3. Qc2 c5 4. Bg5 cxd4 5. Nd2 Be7 6. g3 Nc6 7. a3 O-O 8.
 Bg2 b6 9. Nh3 Bb7 10. O-O h6 11. Bxf6 Bxf6 12. Nf4 Qc7 13. Ne4 Be7 14. 
Rad1 a5 15. Nd5 exd5 16. cxd5 Qe5 17. dxc6 dxc6 18. Nd2 Qc7 19. Nb3 c5 20.
 Nxd4 Bxg2 21. Kxg2 Qb7+ 22. Nf3 a4 23. e4 b5 24. Rd5 Rfd8 25. Rfd1 Rxd5 
26. Rxd5 Qc7 27. Nd4 Qb6 28. Nf5 Bf8 29. Ne3 g6 30. Rd7 Re8 31. Nd5 Qc6 
32. Rc7 Qe6 33. Rb7 Kh8 34. f3 Qc6 35. Rxf7 Bg7 36. Rc7 Qd6 37. Rxc5 Bxb2 
38. Qxb2+ 1-0

[Event "2015 Server Team Ch - Div 1, S51999"]
[Site "CCLA"]
[Date "2015.10.30"]
[Round "?"]
[White "Edwards, K. E. D. G."]
[Black "Kjeldsen, Karsten"]
[Result "1-0"]
[WhiteElo "2207"]
[BlackElo "2122"]
[Board "4"]
[WhiteTeam "Gustafson Winners"]
[BlackTeam "SchemingMind B"]

1. d4 Nf6 2. c4 e6 3. Nc3 Nc6 4. a3 d5 5. Bg5 Be7 6. e3 O-O 7. Nf3 h6 8. 
Bf4 Nh5 9. Be5 f6 10. Bg3 Na5 11. cxd5 Nxg3 12. hxg3 exd5 13. Qc2 Be6 14. 
Rxh6 gxh6 15. Qg6+ Kh8 16. Qxh6+ Kg8 17. Qg6+ Kh8 18. Bd3 Rf7 19. Ng5 fxg5
20. O-O-O Rg7 21. Rh1+ 1-0

[Event "2015  Server Team - Div 3, S53999"]
[Site "CCLA"]
[Date "2015.10.30"]
[Round "?"]
[White "Shannon, Paul D."]
[Black "Stevenson, Wayne"]
[Result "1/2-1/2"]
[WhiteElo "1865"]
[BlackElo "1702"]
[Board "4"]
[WhiteTeam "Canadian Snowbirds"]
[BlackTeam "Idaho Mountaineers"]

1. d4 e6 2. c4 d5 3. Nf3 Nf6 4. g3 Nc6 5. Bg2 Bd6 6. O-O O-O 7. Nbd2 b6 8.
 Re1 a5 9. a3 Ba6 10. Qc2 Qd7 11. b3 Ne7 12. Bb2 Nf5 13. e4 Nxe4 14. Nxe4 
dxe4 15. Qxe4 Rab8 16. Qc2 c5 17. Rad1 Nxd4 18. Nxd4 cxd4 19. Rxd4 Rfd8 
20. Qc3 e5 21. Rd2 f6 22. Red1 Qe7 23. b4 axb4 24. axb4 e4 25. c5 bxc5 26.
 bxc5 Bxc5 27. Rxd8+ Rxd8 28. Rxd8+ Qxd8 29. Qb3+ Kh8 30. Bxe4 Bxf2+ 31. 
Kg2 Bc5 32. Qc2 Qe8 33. h4 Qe6 34. Kh2 Bd6 35. Qc6 Bc8 36. Bg2 h5 37. Qf3 
Qg4 38. Qxg4 Bxg4 39. Bd4 Be5 40. Be3 Bf5 41. Bf3 g6 42. Bf2 Kg7 43. Be3 
Kh7 44. Bf2 Be6 45. Be3 f5 46. Bg5 Bc4 47. Be3 Kg7 48. Bg5 1/2-1/2

[Event "2015 Server Team Ch - Div 2"]
[Site "CCLA"]
[Date "2015.10.30"]
[Round "?"]
[White "Carter, Maurice H."]
[Black "Abbey, William"]
[Result "1/2-1/2"]
[WhiteElo "1968"]
[BlackElo "1923"]
[Board "5"]
[WhiteTeam "Chairmen of the Board"]
[BlackTeam "Queen & Knights"]

1. d4 Nf6 2. c4 e6 3. Nf3 d5 4. g3 Bb4+ 5. Nc3 dxc4 6. Bg2 O-O 7. O-O Nc6 
8. a3 Be7 9. Rb1 a6 10. Ne5 Nxe5 11. dxe5 Nd7 12. f4 Rb8 13. Qc2 b5 14. 
Be3 Bc5 15. Bf2 Qe7 16. Rbd1 Bb7 17. Bxb7 Rxb7 18. Ne4 Rbb8 19. Qc3 Bxf2+ 
20. Kxf2 Nb6 21. Qe3 Rfd8 22. Rxd8+ Rxd8 23. Qc5 Kf8 24. Qc6 Qd7 25. Qxd7 
Rxd7 26. Nc5 Rd2 27. Rb1 a5 28. Ke1 Rd5 29. Ne4 c6 30. Nc3 Rd7 31. Ne4 Ke7
32. Kf2 f6 33. Nd6 a4 34. Ke3 Rc7 35. Kd4 c5+ 36. Kc3 b4+ 37. axb4 Nd5+ 
38. Kxc4 cxb4+ 39. Kd3 Nb6 40. Nb5 Rc8 41. exf6+ gxf6 42. Nd4 1/2-1/2

[Event "2015 NA Class C-Rd1 Sect 1, S50091"]
[Site "CCLA"]
[Date "2015.04.27"]
[Round "?"]
[White "Sanchez, David A."]
[Black "McLaughlin, Ed"]
[Result "0-1"]
[WhiteElo "1449"]
[BlackElo "1493"]

1. d4 Nf6 2. c4 e6 3. g3 Bb4+ 4. Nd2 O-O 5. Bg2 d5 6. a3 Bd6 7. Ngf3 c6 8.
 Qc2 Re8 9. O-O Nbd7 10. e4 dxe4 11. Nxe4 Nxe4 12. Qxe4 Nf6 13. Qc2 h6 14.
 Re1 Bd7 15. b4 a5 16. Bd2 axb4 17. axb4 Qe7 18. Ne5 Bxb4 19. Bxb4 Qxb4 
20. Nxd7 Nxd7 21. Rab1 Qa5 22. Red1 Qc7 23. Qb3 Ra7 24. Qf3 e5 25. d5 e4 
26. d6 Qa5 27. Qe2 f5 28. Qh5 Qe5 29. Bh3 Rf8 30. g4 e3 31. fxe3 Qxe3+ 32.
 Kf1 fxg4+ 33. Kg2 gxh3+ 34. Qxh3 Ra2+ 0-1

[Event "2015 REGULAR QUAD, S50379"]
[Site "CCLA"]
[Date "2015.08.20"]
[Round "?"]
[White "Parenteau, Mike"]
[Black "Hodgkins, Neil C."]
[Result "1-0"]
[WhiteElo "1632"]
[BlackElo "1433"]

1. d4 Nf6 2. c4 e6 3. g3 d5 4. Bg2 Bb4+ 5. Nd2 O-O 6. Nf3 c5 7. dxc5 Nc6 
8. O-O Re8 9. Qc2 Bxc5 10. a3 a5 11. Nb3 b6 12. Nxc5 bxc5 13. Rd1 Qe7 14. 
Bg5 h6 15. cxd5 hxg5 16. dxc6 Nd5 17. e4 Nc7 18. Rac1 Na6 19. Ne5 f6 20. 
Nd7 Bxd7 21. Rxd7 Qf8 22. Rcd1 Rac8 23. Ra7 Rxc6 24. e5 Rb6 25. Rdd7 fxe5 
26. Qg6 1-0

[Event "Winter Series, S50051"]
[Site "CCLA"]
[Date "2015.01.28"]
[Round "?"]
[White "Sanchez, David A."]
[Black "Perry, William E."]
[Result "1-0"]
[WhiteElo "1449"]
[BlackElo "1442"]

1. d4 e6 2. c4 d5 3. g3 Nf6 4. Bg2 c6 5. Nf3 Bb4+ 6. Bd2 Bxd2+ 7. Nbxd2 
O-O 8. Qc2 Nbd7 9. O-O Re8 10. Rfe1 e5 11. e4 exd4 12. Nxd4 dxc4 13. Nxc4 
Qc7 14. f4 Nb6 15. e5 Nfd5 16. Nd6 Rd8 17. a3 Bg4 18. Rac1 Rxd6 19. exd6 
Qxd6 20. Bf3 Nxf4 21. Qe4 Nh3+ 22. Kg2 Bxf3+ 23. Nxf3 Qd7 24. g4 1-0